Central Library OPAC University of Rajshahi

মুজিবগাথা / (Record no. 78769)

MARC details
000 -LEADER
fixed length control field 01012nam a2200265 a 4500
001 - CONTROL NUMBER
control field 78769
003 - CONTROL NUMBER IDENTIFIER
rucl marc code BD-RjUL
005 - DATE AND TIME OF LATEST TRANSACTION
control field 20211209083154.0
008 - FIXED-LENGTH DATA ELEMENTS--GENERAL INFORMATION
fixed length control field 211114s2020 bg ||||| |||| 00| 0 ben d
020 ## - INTERNATIONAL STANDARD BOOK NUMBER
International Standard Book Number 9789848044896
Terms of availability : Tk. 350.00
035 ## - SYSTEM CONTROL NUMBER
System control number (BD-RjUL)78996
040 ## - CATALOGING SOURCE
Original cataloging agency BD-RjUL
Language of cataloging eng
Transcribing agency BD-RjUL
041 ## - LANGUAGE CODE
Language code of text/sound track or separate title ben
082 ## - DEWEY DECIMAL CLASSIFICATION NUMBER
Edition number 23
Classification number 891.441
Author mark and year MUJ 2020
245 00 - TITLE STATEMENT
Title মুজিবগাথা /
Statement of responsibility, etc. আরিফ নজরুল সম্পাদিত
246 ## - VARYING FORM OF TITLE
Title proper/short title বঙ্গবন্ধুকে নিবেদিত পঙক্তিমালা মুজিবগাথা
260 ## - PUBLICATION, DISTRIBUTION, ETC. (IMPRINT)
Place of publication, distribution, etc. ঢাকা :
Name of publisher, distributor, etc. বিশ্বসাহিত্য ভবন,
Date of publication, distribution, etc. ২০২০
300 ## - PHYSICAL DESCRIPTION
Pagination ১৯১ পৃ.;
Size ২২ সেমি.
650 ## - SUBJECT ADDED ENTRY--TOPICAL TERM
Topical term or geographic name as entry element বাংলা কবিতা
9 (RLIN) 249928
Topical term or geographic name as entry element Bengali poetry
9 (RLIN) 249929
Topical term or geographic name as entry element রাজনৈতিক কবিতা
9 (RLIN) 249930
Topical term or geographic name as entry element Political poetry
9 (RLIN) 249931
700 ## - ADDED ENTRY--PERSONAL NAME
Personal name নজরুল, আরিফ
942 ## - ADDED ENTRY ELEMENTS (KOHA)
Source of classification or shelving scheme Dewey Decimal Classification
Koha item type Books
Holdings
Lost status Source of classification or shelving scheme Damaged status Not for loan Collection code Permanent Location Current Location Shelving location Date acquired Source of acquisition Cost, normal purchase price Total Checkouts Full call number Date last seen Copy number Koha item type
  Dewey Decimal Classification     Non-fiction Central Library, University of Rajshahi Central Library, University of Rajshahi   31/10/2021 Rajshahi Bidasagar 262.50   B 891.441 MUJ 2020 14/11/2021 C-2 Books
  Dewey Decimal Classification   Not For Loan Non-fiction Central Library, University of Rajshahi Central Library, University of Rajshahi Reading Room 31/10/2021 Rajshahi Bidasagar 262.50   B 891.441 MUJ 2020 14/11/2021 C-1 Books